000 00553nam a2200229Ia 4500
003 0100
008 130303s9999 xx 000 0 und d
020 _a0415109787
040 _cARRUPELIB
050 _aB1603.U873C75 1997
100 _aCrisp, Roger
245 _aMill on utilitarianism
260 _aLondon
260 _bRoutlegde
260 _C1997
300 _axiii
300 _b 232p. 20cm.
440 _aRoutledge philosophy guidebooks
650 _aPHILOSOPHY
650 _bKierkegaard, Soren, 1813-1855--Religion
942 0 0 _01
999 _c13827
_d13827